Từ vựng học tiếng Việt

Những vấn đề bao quát về từ vựng học; Nhận diện và phân loại các đơn vị từ vựng trong tiếng Việt; Cơ cấu ngữ nghĩa và sự hình thành phát triển của từ vựng tiếng Việt

Enregistré dans:
Détails bibliographiques
Auteur principal: Nguyễn Thiện Giáp
Format: Livre
Langue:Vietnamese
Publié: H. Đại học và trung học chuyên nghiệp 1985
Sujets:
Tags: Ajouter un tag
Pas de tags, Soyez le premier à ajouter un tag!
Thư viện lưu trữ: Mạng thư viện Đại học Đà Nẵng
LEADER 01334nam a2200349 4500
001 000007700
003 3863
005 20111011101042.0
008 111011s1985 viesd
020 |c 17800 
041 0 |a vie 
082 |a 495.9222  |b NG-G 
100 0 |a Nguyễn Thiện Giáp 
245 0 |a Từ vựng học tiếng Việt  |c Nguyễn Thiện Giáp 
260 |a H.  |b Đại học và trung học chuyên nghiệp  |c 1985 
300 |a 366tr  |c 19cm 
520 |a Những vấn đề bao quát về từ vựng học; Nhận diện và phân loại các đơn vị từ vựng trong tiếng Việt; Cơ cấu ngữ nghĩa và sự hình thành phát triển của từ vựng tiếng Việt 
653 |a Tiếng Việt 
653 |a giáo trình 
653 |a cơ cấu ngữ nghĩa 
653 |a từ vựng 
910 |a Lai Thi Minh Phuong  |d 11/10/2011 
OWN |a LSP 
AVA |a UDN50  |b LSP  |d 495.9222 NG-G  |e available  |t Error 5001 Not defined in file expand_doc_bib_avail.  |f 6  |g 3  |h N  |i 0  |k 1 
999 |a From the UDN01 
AVA |a UDN50  |b LSP  |d 495.9222 NG-G  |e available  |t Error 5001 Not defined in file expand_doc_bib_avail.  |f 6  |g 3  |h N  |i 0  |k 1 
TYP |a Monograph 
TYP |a Printed language 
980 |a Mạng thư viện Đại học Đà Nẵng